000 00271nam a2200097Ia 4500
008 240331s9999 xx 000 0 und d
082 _bACH
100 _aSocial Development
245 0 _aAchievements of the United Nations decade for women in Asia and the Pacific
942 _cL
999 _c1866
_d1866